000 00688nam a2200289Ia 4500
005 20260324134452.0
008 008 260324s9999 xx 000 0 eng d
020 _a9780203724408
037 _aEBOOK
040 _aCRL
040 _beng
040 _cCRL
041 _2eng
041 _aeng
084 _qCRL
100 _aMichael Sorkin; Sharon Zukin
_91196931
245 0 _aAfter the World Trade Center
245 0 _bRethinking New York City
260 _bTaylor and Francis
260 _c2002
365 _a
365 _b80.99
856 _uhttp://www.taylorfrancis.com/books/9780203724408
942 _cEBOOK
999 _c1797071
_d1797071